Problemas del lenguaje

Uloženo v:
Podrobná bibliografie
Hlavní autoři: Benveniste, Emile (Autor), Chomsky, Noam (Autor), Jakobson, Roman (Autor), Kurylowicz, Jerzy (Autor), Fónacy, Ivan (Autor), Bach, Emmon (Autor), Saumjan, Sebastián K (Autor), Schaff, Adam (Autor), Leroy, Maurice (Autor), Sommerfelt, Alf (Autor), Pande, Govind C (Autor)
Další autoři: Martinet, André V. (autor)
Médium: Kniha
Jazyk:španělština
Vydáno: Buenos Aires Sudamericana 1969
Témata:
Tagy: Přidat tag
Žádné tagy, Buďte první, kdo vytvoří štítek k tomuto záznamu!

MARC

LEADER 00000nam a2200000 a 4500
001 UCM2533
003 CL-VaPUC
008 020607e19690000AG |||||||||||||||||spa|d
082 0 4 |a 410  |b BEN  |2 21 
100 0 |a Benveniste, Emile  |e author  |9 469329 
700 0 |a Chomsky, Noam  |e author  |9 320717 
700 |a Jakobson, Roman  |e author  |9 322276 
700 |a Martinet, André V.  |e autor  |9 611822 
700 0 |a Kurylowicz, Jerzy  |e author  |9 469331 
700 0 |a Fónacy, Ivan  |e author  |9 469332 
700 0 |a Bach, Emmon  |e author  |9 469333 
700 0 |a Saumjan, Sebastián K  |e author  |9 469334 
700 0 |a Schaff, Adam  |e author  |9 469335 
700 |a Leroy, Maurice  |e author  |9 469336 
700 0 |a Sommerfelt, Alf  |e author  |9 469337 
700 0 |a Pande, Govind C  |e author  |9 469338 
245 1 0 |a Problemas del lenguaje 
300 |a 202 p 
942 |c BK 
945 |d 20020607 00:00:00  |a cmena 
260 |a Buenos Aires  |b Sudamericana  |c 1969 
650 0 |a Lingüística  |9 265068 
650 7 |a TEORIA LINGUISTICA  |2 CL-VaPUC  |9 334835 
650 0 |a Lenguaje poético   |9 469339 
650 7 |a LINGUISTICA ESTRUCTURAL  |2 CL-VaPUC  |9 269255 
583 |a last modification  |c 20020607 00:00:00  |k Rodrigo Vera 
999 |c 300367  |d 300365 
952 |0 0  |1 0  |4 0  |6 410_000000000000000_BEN_1969  |7 0  |8 A  |9 358040  |a FDOPOS  |b FDOPOS  |d 2019-11-21  |i 369173K  |o 410 BEN 1969  |p 369173K  |r 2025-01-22  |w 2019-11-21  |y BK  |k MLA 
952 |0 0  |1 0  |4 0  |6 410_000000000000000_BEN_1969  |7 0  |8 A  |9 358041  |a FDOPOS  |b FDOPOS  |d 2019-11-21  |i 4273745  |o 410 BEN 1969  |p 4273745  |r 2025-01-22  |w 2019-11-21  |y BK  |k MLA 
952 |0 0  |1 0  |4 0  |6 410_000000000000000_BEN_1969  |7 0  |8 A  |9 358042  |a FDOPOS  |b FDOPOS  |d 2019-11-21  |i 4360575  |o 410 BEN 1969  |p 4360575  |r 2025-01-22  |w 2019-11-21  |y BK  |k MLA